[Event "Cappelle op 24th"]
[Site "Cappelle la Grande"]
[Date "2008.02.23"]
[Round "9"]
[White "Miroshnichenko, Evgenij"]
[Black "Edouard, Romain"]
[Result "1-0"]
[WhiteElo "2647"]
[BlackElo "2507"]
[PlyCount "131"]
[EventDate "2008.02.16"]
[EventType "swiss"]
[EventRounds "9"]
[EventCountry "FRA"]
[SourceTitle "CBM 122 Extra"]
[Source "ChessBase"]
[SourceDate "2008.03.04"]
[SourceVersion "1"]
[SourceVersionDate "2008.03.04"]
[SourceQuality "1"]

1. Nf3 c5 2. g3 Nc6 3. Bg2 g6 4. O-O Bg7 5. c3 e5 6. d3 Nge7 7. a3 O-O 8. b4 cxb4 9. axb4 b5 10. Na3 Rb8 11. e4 a5 $146 ({RR} 11... d5 12. Be3 d4 13. cxd4 exd4 14. Bf4 Rb7 15. Qd2 f6 16. Rfc1 g5 17. Qa2+ Kh8 18. Bd2 g4 19. Ne1 Ne5 20. Rc5 a6 21. Nac2 Rb6 22. Rc1 Be6 23. Qb2 N7c6 24. Na1 Re8 25. Nb3 Bf8 26. Rd5 {Planinc,A-Forintos,G Moscow 1975 1-0 (37)}) 12. bxa5 Qxa5 13. Bd2 Qd8 14. Qb3 d5 15. Rfb1 dxe4 16. dxe4 Bg4 17. Be1 Qd3 18. Nd2 b4 19. cxb4 Nxb4 20. Bf1 Qd8 21. Nb5 Nbc6 22. Nf3 Nc8 23. h3 Bxf3 24. Qxf3 Nd6 25. Rd1 Rxb5 26. Bxb5 Nd4 27. Rxd4 exd4 28. Bc6 Qc7 29. Bd5 Nb5 30. Rb1 Qd7 31. Kg2 Nc3 32. Rb7 Qe8 33. Bd2 Kh8 34. Bf4 f5 35. e5 g5 36. e6 Qg6 37. e7 Re8 38. Bd2 g4 39. hxg4 fxg4 40. Qf7 Nxd5 41. Qxd5 Bf6 42. Bb4 Kg7 43. Rb6 h5 44. Bc5 Qg5 45. Qc6 Rxe7 46. Bxe7 Bxe7 47. Rb5 Qg6 48. Qd5 h4 49. Qxd4+ Bf6 50. Rb7+ Kh6 51. Qf4+ Qg5 52. Qe4 Qg6 53. Qc6 h3+ 54. Kh2 Qf5 55. Rb2 Kg6 56. f3 Qe5 57. Rf2 Qe3 58. Qc2+ Kg7 59. Qe2 Qxe2 60. Rxe2 gxf3 61. Rf2 Kg6 62. Rxf3 Kg5 63. Kxh3 Bb2 64. Rb3 Ba1 65. Rb5+ Kf6 66. Kg4 1-0

[Event "Nancy-A"]
[Site "Nancy"]
[Date "2008.02.21"]
[Round "5"]
[White "Bauer, Christian"]
[Black "Guliyev, Namig"]
[Result "1-0"]
[WhiteElo "2614"]
[BlackElo "2570"]
[PlyCount "91"]
[EventDate "2008.02.18"]
[EventType "tourn"]
[EventRounds "9"]
[EventCountry "FRA"]
[EventCategory "12"]
[SourceTitle "CBM 122 Extra"]
[Source "ChessBase"]
[SourceDate "2008.03.04"]
[SourceVersion "1"]
[SourceVersionDate "2008.03.04"]
[SourceQuality "1"]

1. Nf3 d5 2. c4 dxc4 3. Qa4+ Nd7 4. e4 ({RR} 4. Qxc4 e5 5. g3 Bd6 6. Bg2 Ngf6 7. O-O Qe7 8. Qc2 c6 9. d3 O-O 10. Nbd2 Nb6 11. b3 h6 12. Bb2 Re8 13. e4 Bg4 14. h3 Bxf3 15. Nxf3 {½-½ (15) Bruzon Batista,L (2686)-Dominguez Perez,L (2716) Santiago de los Caballeros 2011}) ({RR} 4. Qxc4 a6 5. e4 c5 6. d4 cxd4 7. Qxd4 e6 8. Nc3 Ngf6 9. Bg5 h6 10. Bxf6 Qxf6 11. e5 Qd8 12. O-O-O Be7 13. Ne4 O-O 14. Kb1 Qa5 15. Bd3 Nb6 16. Nf6+ Kh8 17. Qe4 g6 18. Qh4 h5 {Sadykov,R (2313)-Leschinsky,G (1987) chess.com INT 2023 1-0}) ({RR} 4. Qxc4 e5 5. g3 Bd6 6. Bg2 Ngf6 7. O-O O-O 8. d3 Nb6 9. Qc2 h6 10. b3 Nbd5 11. a3 Ne7 12. Bb2 Nc6 13. Nbd2 Re8 14. Rfe1 Bf5 15. Nh4 Bd7 16. Nc4 Nh7 17. b4 a6 18. e3 Ng5 {Bauer,C (2562)-Van den Doel,E (2547) Mondariz 2000 1-0 (51)}) 4... Ngf6 $146 ({RR} 4... c5 5. Bxc4 e6 6. Nc3 Be7 7. d3 a6 8. Bf4 Ngf6 9. e5 Ng4 10. h3 Nh6 11. Bxh6 gxh6 12. Bb3 Rg8 13. O-O Rb8 14. Qe4 Rg6 15. Rfe1 b5 16. Qe2 Bb7 17. Ne4 Qc7 18. d4 cxd4 19. Rac1 {Stephan,W-Lachmann,H Minden 1951 0-1 (51)}) ({RR} 4... c5 5. Bxc4 e6 6. O-O g6 7. d4 cxd4 8. Nxd4 Bc5 9. Be3 Bxd4 10. Bxd4 Ngf6 11. e5 Ng8 12. Nc3 Ne7 13. Ne4 O-O 14. Qb3 Nc6 15. Rfd1 Qh4 16. Qe3 Ndxe5 17. Be2 Nxd4 18. Qxd4 f5 19. Qxe5 {Manakova,M (2315)-Maksimov,A Moscow 1998 1-0 (43)}) 5. Qxc4 e6 6. Nc3 Bd6 7. d4 e5 8. Bg5 exd4 9. Qxd4 h6 10. Bh4 O-O 11. O-O-O Bc5 12. Qc4 g5 13. Bg3 Bb6 14. e5 Nh5 15. Qe4 Qe7 16. Nd5 Qc5+ 17. Kb1 Re8 18. Bc4 Nf8 19. h4 c6 20. Nxb6 axb6 21. hxg5 Nxg3 22. fxg3 Be6 23. Bxe6 Rxe6 24. gxh6 Qe7 25. Qf5 Rg6 26. Rd6 Re8 27. Rf6 Nh7 28. Rxg6+ fxg6 29. Qxg6+ Kh8 30. e6 Nf8 31. Qf7 Nxe6 32. Qxe7 Rxe7 33. Re1 Re8 34. g4 Nc7 35. Rxe8+ Nxe8 36. Kc2 Kh7 37. g5 Nd6 38. Kd3 c5 39. Ne5 b5 40. g6+ Kxh6 41. Nf7+ Nxf7 42. gxf7 Kg7 43. Ke4 c4 44. Kd5 b6 45. Ke6 Kf8 46. a3 1-0

[Event "Stari Mikanovci Jaric Memorial"]
[Site "Stari Mikanovci"]
[Date "2008.04.17"]
[Round "8"]
[White "Kozul, Zdenko"]
[Black "Palac, Mladen"]
[Result "1-0"]
[WhiteElo "2583"]
[BlackElo "2559"]
[PlyCount "33"]
[EventDate "2008.04.17"]
[EventType "tourn (rapid)"]
[EventRounds "9"]
[EventCountry "CRO"]
[EventCategory "12"]
[SourceTitle "EXT 2010"]
[Source "ChessBase"]
[SourceDate "2010.11.25"]
[SourceVersion "1"]
[SourceVersionDate "2010.11.25"]
[SourceQuality "1"]

1. Nf3 c5 2. g3 g6 3. Bg2 Bg7 4. O-O Nc6 5. d3 d5 6. e4 d4 7. a4 e5 8. Na3 Nge7 9. Nc4 O-O 10. c3 $146 ({RR} 10. Bd2 h6 11. c3 Be6 12. cxd4 cxd4 13. b4 Bxc4 14. dxc4 a5 15. b5 Nb4 16. Qb3 Qd6 17. Rfb1 Rfc8 18. Ne1 Bf8 19. Bxb4 axb4 20. Nd3 Qc7 21. c5 Kg7 22. f4 exf4 23. gxf4 Ng8 24. Rc1 Nf6 {Samani,Y (2246)-Gubanov,O (2258) Chess.com INT 2021 0-1 (33)}) ({RR} 10. Bd2 h6 11. c3 Be6 12. cxd4 cxd4 13. b4 Bxc4 14. dxc4 a5 15. b5 Nb4 16. Qb3 Qd6 17. Rfb1 Rfc8 18. Ne1 Bf8 19. Bxb4 axb4 20. Nd3 Qc7 21. c5 Kg7 22. f4 exf4 23. gxf4 Ng8 24. Rc1 Nf6 {Samani,Y (2246)-Gubanov,O (2258) Chess.com INT 2021 0-1 (33)}) 10... f6 11. cxd4 cxd4 12. a5 Be6 13. Qa4 Rb8 14. b4 a6 15. b5 Na7 16. b6 Nb5 17. Ba3 1-0

[Event "EU-ch 9th"]
[Site "Plovdiv"]
[Date "2008.04.21"]
[Round "1"]
[White "Movsesian, Sergei"]
[Black "Rusev, Krasimir"]
[Result "1-0"]
[WhiteElo "2695"]
[BlackElo "2516"]
[PlyCount "71"]
[EventDate "2008.04.21"]
[EventType "swiss"]
[EventRounds "11"]
[EventCountry "BUL"]
[SourceTitle "CBM 124"]
[Source "ChessBase"]
[SourceDate "2008.05.28"]
[SourceVersion "1"]
[SourceVersionDate "2008.05.28"]
[SourceQuality "1"]

1. Nf3 d5 2. g3 c6 3. Bg2 Nf6 4. O-O Bg4 5. d3 Nbd7 6. h3 Bxf3 7. Bxf3 g6 ({RR} 7... e5 8. e4 dxe4 9. dxe4 Bc5 10. Nd2 O-O 11. a4 a5 12. Nc4 Qc7 13. Bd2 Rfd8 14. Qe2 Nf8 15. Bg5 Be7 16. Be3 N8d7 {0-1 (16) Nikitenko,M (2512)-Atabayew,S (2516) Tashkent UZB 2025}) 8. Bg2 Bg7 9. e4 O-O 10. f4 $146 ({RR} 10. Qe2 e5 11. Nd2 Nc5 12. Nb3 Ne6 13. c3 Re8 14. a4 h5 15. h4 Qb6 16. Qc2 Rad8 17. a5 Qc7 18. Bh3 c5 19. Bxe6 Rxe6 20. c4 d4 21. Nd2 {½-½ (21) Movsesian,S (2670)-Beliavsky,A (2646) Pamplona 2007}) 10... e6 11. Kh2 b5 12. Qe2 a5 13. a4 Nb6 14. e5 Nfd7 15. axb5 cxb5 16. Nc3 b4 17. Nb5 Nc8 18. c4 Ne7 19. Be3 Qb8 20. b3 Ra6 21. d4 Nb6 22. c5 Nd7 23. Nd6 Ra7 24. g4 f6 25. exf6 Nxf6 26. Bg1 Kh8 27. Qxe6 Nc6 28. Qe2 Ne8 29. Bxd5 Nxd4 30. Qd3 Nxd6 31. cxd6 Qxd6 32. Bxd4 Rxf4 33. Bxg7+ Kxg7 34. Rxf4 Qxf4+ 35. Kg2 Rd7 36. Re1 1-0

[Event "EU-ch 9th"]
[Site "Plovdiv"]
[Date "2008.04.22"]
[Round "2"]
[White "Akopian, Vladimir Eduardovic"]
[Black "Tukhaev, Adam"]
[Result "1-0"]
[WhiteElo "2673"]
[BlackElo "2512"]
[PlyCount "83"]
[EventDate "2008.04.21"]
[EventType "swiss"]
[EventRounds "11"]
[EventCountry "BUL"]
[SourceTitle "CBM 124"]
[Source "ChessBase"]
[SourceDate "2008.05.28"]
[SourceVersion "1"]
[SourceVersionDate "2008.05.28"]
[SourceQuality "1"]

1. Nf3 Nf6 2. c4 g6 3. b4 Bg7 4. Bb2 O-O 5. g3 d6 6. Bg2 e5 7. d3 Nc6 8. b5 Ne7 9. O-O h6 10. Nbd2 Be6 11. Qc2 Nd7 12. d4 f5 13. dxe5 dxe5 14. e4 f4 15. c5 c6 16. Nc4 Qb8 $146 ({RR} 16... Qc7 17. b6 Qb8 18. a4 g5 19. Rfd1 Ng6 20. a5 g4 21. Ne1 h5 22. Bf1 fxg3 23. hxg3 h4 24. Rd6 hxg3 25. fxg3 Rxf1+ 26. Kxf1 Qf8+ 27. Kg1 Nxc5 28. Ba3 Qf7 29. Bxc5 Bxc4 30. Bf2 Bb3 31. Qb2 {Srihari,L (2170)-Tanriverdi,E (2317) Porto Carras 2018 1-0 (38)}) 17. b6 axb6 18. Nxb6 Nxb6 19. cxb6 g5 20. Rfd1 Ng6 21. a4 Rd8 22. Rxd8+ Qxd8 23. a5 Qd7 24. Ne1 Qf7 25. Bf1 Bb3 26. Qc3 fxg3 27. hxg3 Rf8 28. Qc5 h5 29. a6 bxa6 30. Bxa6 h4 31. b7 hxg3 32. fxg3 Bf6 33. Qb6 Bd8 34. Qe3 Bc7 35. Nd3 Bc4 36. Nf2 Bxa6 37. Rxa6 Bb8 38. Rxc6 Kh7 39. Ba3 Qxb7 40. Rb6 Qf7 41. Bxf8 Qxf8 42. Qxg5 1-0

[Event "EU-ch 9th"]
[Site "Plovdiv"]
[Date "2008.04.24"]
[Round "4"]
[White "Sakaev, Konstantin"]
[Black "Heberla, Bartlomiej"]
[Result "1-0"]
[WhiteElo "2649"]
[BlackElo "2509"]
[PlyCount "89"]
[EventDate "2008.04.21"]
[EventType "swiss"]
[EventRounds "11"]
[EventCountry "BUL"]
[SourceTitle "CBM 124"]
[Source "ChessBase"]
[SourceDate "2008.05.28"]
[SourceVersion "1"]
[SourceVersionDate "2008.05.28"]
[SourceQuality "1"]

1. Nf3 d5 2. c4 d4 3. b4 c5 4. Bb2 Nf6 5. g3 a5 6. bxc5 Nc6 7. Bg2 e5 8. O-O Bxc5 9. d3 O-O 10. Ba3 Nd7 $146 ({RR} 10... Bb4 11. Bxb4 axb4 12. Qc2 Nd7 13. e3 Nc5 14. e4 b3 15. Qd2 Nxd3 16. Qxd3 b2 17. Nbd2 bxa1=Q 18. Rxa1 Qe7 19. Nb3 Ra4 20. Nfd2 Be6 21. f4 f6 22. Rf1 Rxa2 23. fxe5 fxe5 24. Rxf8+ Qxf8 {0-1 (24) Krol,R (2003)-Goluch,P (2353) Jastrzebia Gora 2022}) ({RR} 10... Qe7 11. Bxc5 Qxc5 12. Nbd2 h6 13. Nb3 Qe7 14. Nfd2 a4 15. Nc1 Bf5 16. Rb1 Rfe8 17. Qc2 Ra7 18. Qb2 e4 19. dxe4 Nxe4 20. Nxe4 Bxe4 21. Bxe4 Qxe4 22. Nd3 Ne5 23. Qb5 Nxd3 24. exd3 Qe2 25. Rb2 {Mekhitarian,K (2537)-Di Berardino,D (2484) chess.com INT 2023 1-0 (41)}) 11. Nfd2 Qe7 12. Qc1 Bb4 13. Nb3 Nc5 14. Nxc5 Qxc5 15. Bb2 Qe7 16. Nd2 Bg4 17. Re1 Qg5 18. e3 dxe3 19. fxe3 Rad8 20. a3 Bxd2 21. Qxd2 Bf5 22. Bd5 Ne7 23. Bxb7 Rxd3 24. Qf2 Rb8 25. Bg2 Be6 26. c5 Rdb3 27. Rad1 e4 28. Bd4 Bd5 29. Qf4 Qxf4 30. exf4 Rd3 31. Be5 Rd8 32. Bd6 Rxd1 33. Rxd1 Bc6 34. Rb1 Nd5 35. Bxe4 Nc3 36. Bxc6 Nxb1 37. a4 Nc3 38. Kf2 Na2 39. Ke3 Nb4 40. Bb5 g6 41. Kd4 Kg7 42. Ke5 h5 43. c6 Re8+ 44. Kd4 Re1 45. c7 1-0

[Event "EU-ch 9th"]
[Site "Plovdiv"]
[Date "2008.04.25"]
[Round "5"]
[White "Bosiocic, Marin"]
[Black "Georgiev, Kiril"]
[Result "1-0"]
[WhiteElo "2503"]
[BlackElo "2665"]
[PlyCount "59"]
[EventDate "2008.04.21"]
[EventType "swiss"]
[EventRounds "11"]
[EventCountry "BUL"]
[SourceTitle "CBM 124"]
[Source "ChessBase"]
[SourceDate "2008.05.28"]
[SourceVersion "1"]
[SourceVersionDate "2008.05.28"]
[SourceQuality "1"]

1. e4 c5 2. Nf3 d6 3. g3 g6 4. Bg2 Bg7 5. O-O Nc6 6. d3 Bg4 7. Nbd2 Nf6 8. h3 Bxf3 9. Nxf3 O-O 10. a4 Rb8 11. Re1 Nd7 12. c3 a6 13. Be3 b5 14. axb5 axb5 15. d4 b4 16. Qe2 $146 ({RR} 16. Ra6 Qc7 17. Qa4 Rfc8 18. Bf1 Nb6 19. Qa1 bxc3 20. bxc3 cxd4 21. cxd4 Nb4 22. Rc1 Qd8 23. Ra7 Nc2 24. Qa5 Nxe3 25. Rxc8 Rxc8 26. fxe3 Bh6 27. Kf2 Rc7 28. g4 Qb8 29. Ra6 Nc8 30. Ra8 Qb2+ {Narancic,V (2390)-Georgiev,K (2645) Ulcinj 1997 0-1 (59)}) 16... Qc7 17. Ra6 Rfc8 18. e5 dxe5 19. dxc5 bxc3 20. bxc3 Nd8 21. c6 Nxc6 22. Ng5 e4 23. Nxe4 Ra8 24. Bf4 Qb7 25. Rxa8 Qxa8 26. Ng5 Nf8 27. Nxf7 Kxf7 28. Bd5+ e6 29. Bxe6+ Kf6 30. Qf3 1-0

[Event "EU-ch 9th"]
[Site "Plovdiv"]
[Date "2008.04.27"]
[Round "7"]
[White "Markowski, Tomasz"]
[Black "Dizdar, Goran"]
[Result "1-0"]
[WhiteElo "2598"]
[BlackElo "2548"]
[PlyCount "71"]
[EventDate "2008.04.21"]
[EventType "swiss"]
[EventRounds "11"]
[EventCountry "BUL"]
[SourceTitle "CBM 124"]
[Source "ChessBase"]
[SourceDate "2008.05.28"]
[SourceVersion "1"]
[SourceVersionDate "2008.05.28"]
[SourceQuality "1"]

1. g3 d5 2. Nf3 Bg4 3. Bg2 Nd7 4. O-O c6 5. d3 e6 6. h3 Bxf3 ({RR} 6... Bh5 7. e4 Bd6 8. exd5 cxd5 9. c4 Ne7 10. Nc3 O-O 11. cxd5 exd5 12. g4 Bg6 13. Nh4 Nb6 14. a4 a5 15. f4 f5 16. Be3 Bf7 17. Nxf5 Nxf5 18. gxf5 Be7 19. Bd4 Bf6 20. Be5 Nc8 21. Nb5 {Fressinet,L (2700)-Ponomariov,R (2712) Huaian 2016 1-0 (77)}) ({RR} 6... Bh5 7. c4 Bd6 8. cxd5 cxd5 9. Nc3 Ngf6 10. e4 O-O 11. exd5 Nxd5 12. Nxd5 exd5 13. Qb3 Qb6 14. Qxd5 Nf6 15. Qd4 Bc5 16. Qh4 Rad8 17. d4 Be7 18. Re1 Rfe8 19. Bg5 Bg6 20. Ne5 h6 21. Be3 {Markowski,T (2606)-Bhat,V (2483) Mainz 2008 1-0 (33)}) 7. Bxf3 Ngf6 ({RR} 7... Bc5 8. Bg2 Ne7 9. e4 O-O 10. Nd2 a5 11. a4 Qc7 12. Kh1 f5 13. Qe2 dxe4 14. Nb3 Bd6 15. dxe4 f4 16. e5 Bxe5 17. gxf4 Bd6 18. Nd4 Nc5 19. Nxe6 Nxe6 20. Qxe6+ Kh8 21. Bd2 Ng6 22. Rae1 {Kramnik,V (2753)-Svane,F (2636) chess.com INT 2024 ½-½ (61)}) 8. b3 $146 ({RR} 8. e4 dxe4 9. dxe4 Bc5 10. Qe2 Qc7 11. Kh1 h5 12. a4 h4 13. g4 g5 14. Na3 Nh7 15. Nc4 Nb6 16. a5 Nxc4 17. Qxc4 Qe5 18. Bg2 Qd4 19. Qb3 O-O-O 20. Ra4 Qd7 21. Rc4 Qd6 22. a6 b6 {Parvanyan,A (2428)-Triapishko,A (2508) Porto Carras 2018 1-0 (75)}) ({RR} 8. Nc3 Bb4 9. a3 Bxc3 10. bxc3 O-O 11. Rb1 Qc7 12. Bg2 h6 13. Bd2 Nh7 14. Qc1 f5 15. Qb2 Rab8 16. c4 dxc4 17. Qa2 e5 18. Qxc4+ Kh8 19. d4 Rbe8 20. dxe5 Nxe5 21. Qc3 Nf6 22. Bf4 Rf7 {Feldman,A (1807)-Chuvnik,M (2189) Jerusalem 2015 0-1 (42)}) 8... a5 9. a3 Bd6 10. Bb2 O-O 11. Nd2 b5 12. e3 b4 13. Ra2 Qb8 14. Qa1 Be5 15. Bxe5 Nxe5 16. axb4 axb4 17. Rxa8 Nxf3+ 18. Nxf3 Qxa8 19. Qd4 Qb8 20. Qc5 Rc8 21. Ra1 Nd7 22. Qe7 Ne5 23. Nxe5 Qxe5 24. Ra7 Qf6 25. Qxb4 h5 26. Qf4 Qxf4 27. gxf4 c5 28. Kf1 Rc6 29. Ke2 f6 30. Rd7 c4 31. bxc4 dxc4 32. d4 Kh7 33. Ra7 Kh6 34. Ra5 g5 35. fxg5+ fxg5 36. Rc5 1-0

[Event "EU-ch 9th"]
[Site "Plovdiv"]
[Date "2008.04.30"]
[Round "9"]
[White "Roiz, Michael"]
[Black "Aleksandrov, Aleksej"]
[Result "1-0"]
[WhiteElo "2659"]
[BlackElo "2582"]
[PlyCount "91"]
[EventDate "2008.04.21"]
[EventType "swiss"]
[EventRounds "11"]
[EventCountry "BUL"]
[SourceTitle "CBM 124"]
[Source "ChessBase"]
[SourceDate "2008.05.28"]
[SourceVersion "1"]
[SourceVersionDate "2008.05.28"]
[SourceQuality "1"]

1. Nf3 Nf6 2. g3 b5 3. Bg2 Bb7 4. O-O e6 5. d3 d6 6. c3 ({RR} 6. c4 bxc4 7. dxc4 Be7 8. Nc3 O-O 9. Re1 c5 10. b3 Nc6 11. Bb2 a6 12. Qd2 Qc7 13. Rad1 Rad8 14. Qc1 Rd7 15. e4 Rfd8 16. h3 Ne5 17. Qc2 Nc6 18. Bc1 Ne8 19. g4 Bf6 20. Be3 Nb4 {Anand,V (2670)-Kortschnoj,V (2585) Roquebrune 1992 ½-½ (62)}) ({RR} 6. Bg5 Be7 7. Nbd2 h6 8. Bxf6 Bxf6 9. Rb1 Nd7 10. c3 O-O 11. a4 a6 12. axb5 axb5 13. d4 c5 14. e4 Qb6 15. dxc5 Nxc5 16. Qc2 Rfd8 17. Rfe1 Ra2 18. Ra1 Rda8 19. Rxa2 Rxa2 20. e5 dxe5 {Cholewa,D (1530)-Jahn,C (2051) Krakow POL 2024 ½-½ (51)}) 6... Nbd7 7. a4 a6 ({RR} 7... bxa4 8. Qxa4 Be7 9. Nbd2 O-O 10. Nb3 Nb6 11. Qa2 Qd7 12. Ne5 Qc8 13. Nc6 Re8 14. Nba5 d5 15. c4 Bxc6 16. Nxc6 Qd7 17. Ne5 Qc8 18. Nc6 Qd7 19. Nxe7+ Qxe7 20. Be3 Reb8 21. Qa5 Qd8 22. Rfc1 {Roiz,M (2616)-Vekshenkov,N (2438) Israel 2007 1-0 (35)}) 8. Na3 c6 $146 ({RR} 8... c5 9. axb5 axb5 10. Bg5 Bc6 11. Nd2 d5 12. c4 bxc4 13. dxc4 Be7 14. cxd5 exd5 15. Ndc4 O-O 16. Ne3 Re8 17. Qc2 Qb6 18. Rac1 h6 19. Bxf6 Nxf6 20. Nb1 Qb7 21. Nd2 Rab8 22. b3 Bf8 23. Rfe1 {Nugumanov,B (2350)-Saduakassova,D (2449) Almaty 2017 ½-½ (55)}) ({RR} 8... c5 9. Bd2 Qb6 10. b4 d5 11. bxc5 Bxc5 12. axb5 axb5 13. Nc2 Rxa1 14. Qxa1 O-O 15. Be3 Rc8 16. Rb1 Ng4 17. Bxc5 Qxc5 18. Ncd4 Qxc3 19. Qxc3 Rxc3 20. Nxb5 Rc6 21. h3 Ngf6 22. Nbd4 Rb6 23. Rxb6 {Feng,M (2236)-Chasin,N (2123) Philadelphia 2018 ½-½}) 9. Bd2 d5 10. b4 Be7 11. Nd4 bxa4 12. Qxa4 a5 13. b5 Nc5 14. Qc2 cxb5 15. Naxb5 O-O 16. Rfb1 a4 17. c4 Qd7 18. Bb4 Rfc8 19. Ra2 dxc4 20. dxc4 Bxg2 21. Kxg2 Nfe4 22. Rd1 e5 23. Nf3 Qe6 24. Rd5 f6 25. Ne1 Rab8 26. Bxc5 Nxc5 27. e4 h5 28. h4 Ra8 29. Nc3 Qa6 30. Qe2 g6 31. Rd1 Bf8 32. Nc2 Qe6 33. Ne3 Ra6 34. Ned5 Qf7 35. Rda1 Rca8 36. Nb5 Rc8 37. Nbc3 Rca8 38. Rb1 Nb3 39. Rxa4 Rxa4 40. Nxa4 Nd4 41. Qd1 f5 42. Rb6 Ne6 43. exf5 gxf5 44. Rc6 Kh7 45. Nab6 Re8 46. Nf6+ 1-0

[Event "EU-ch 9th"]
[Site "Plovdiv"]
[Date "2008.05.01"]
[Round "10"]
[White "Bindrich, Falko"]
[Black "Werle, Jan"]
[Result "1-0"]
[WhiteElo "2513"]
[BlackElo "2581"]
[PlyCount "75"]
[EventDate "2008.04.21"]
[EventType "swiss"]
[EventRounds "11"]
[EventCountry "BUL"]
[SourceTitle "CBM 124"]
[Source "ChessBase"]
[SourceDate "2008.05.28"]
[SourceVersion "1"]
[SourceVersionDate "2008.05.28"]
[SourceQuality "1"]

1. Nf3 f5 2. d3 d6 3. e4 g6 4. exf5 Bxf5 5. d4 Bg7 6. Bd3 Qd7 7. O-O Nc6 8. c3 e5 9. dxe5 $146 ({RR} 9. Bb5 e4 10. d5 exf3 11. dxc6 bxc6 12. Qxf3 Ne7 13. Bd3 O-O 14. Bxf5 Nxf5 15. Qd3 Rab8 16. Nd2 Kh8 17. Nf3 d5 18. b3 Nd6 19. Be3 a5 20. Bd4 Ne4 21. Bxg7+ Qxg7 22. Qd4 Nxc3 23. Qxg7+ Kxg7 {Braun,S (2035)-Ruettinger,J (2100) Bayern 2002 ½-½ (38)}) 9... dxe5 10. Bb5 O-O-O 11. Qa4 Bd3 12. Bxc6 Qxc6 13. Qxc6 bxc6 14. Re1 Nf6 15. Be3 Rd5 16. Nbd2 Re8 17. h3 e4 18. Nd4 c5 19. Nc6 Kb7 20. Na5+ Ka6 21. Nac4 Nd7 22. Bf4 Nb6 23. Ne3 Rd7 24. a4 c6 25. Nb3 Bf8 26. Ng4 c4 27. Nf6 cxb3 28. Nxe8 Nd5 29. Bg5 Rf7 30. Bh4 Bc5 31. Bg3 e3 32. fxe3 Nxe3 33. Bf2 Rxf2 34. Kxf2 Nc2+ 35. Kf3 Nxa1 36. Rxa1 Ka5 37. Nf6 h5 38. Nd7 1-0

[Event "EU-ch 9th"]
[Site "Plovdiv"]
[Date "2008.05.02"]
[Round "11"]
[White "Kozul, Zdenko"]
[Black "Mastrovasilis, Athanasios"]
[Result "1-0"]
[WhiteElo "2583"]
[BlackElo "2524"]
[PlyCount "81"]
[EventDate "2008.04.21"]
[EventType "swiss"]
[EventRounds "11"]
[EventCountry "BUL"]
[SourceTitle "CBM 124"]
[Source "ChessBase"]
[SourceDate "2008.05.28"]
[SourceVersion "1"]
[SourceVersionDate "2008.05.28"]
[SourceQuality "1"]

1. Nf3 Nf6 2. g3 b6 3. Bg2 Bb7 4. O-O d5 5. d3 ({RR} 5. b3 g6 6. Bb2 Bg7 7. c4 dxc4 8. bxc4 c5 9. d3 O-O 10. Nbd2 Nc6 11. Ne5 Qc7 12. a4 Nxe5 13. Bxe5 Qxe5 14. Bxb7 Rab8 15. Bf3 Ne8 16. Ra3 a5 17. Rb3 Nc7 18. Qb1 Qe6 19. Ne4 Na6 {Duda,J (2756)-Wojtaszek,R (2700) Bydgoszcz 2021 0-1 (44)}) ({RR} 5. c4 dxc4 6. Na3 e6 7. Nxc4 Be7 8. d4 O-O 9. Bg5 Nbd7 10. Rc1 c5 11. dxc5 Nxc5 12. Nfe5 Bxg2 13. Kxg2 Qc7 14. b4 Nce4 15. Bxf6 Nxf6 16. b5 Rfd8 17. Qb3 Rd5 18. Nc6 Rc5 19. a4 Bf8 {Managadze,N (2444)-Mastrovasilis,A (2518) Athens 2008 1-0 (47)}) 5... Nbd7 6. c4 ({RR} 6. Nbd2 e5 7. c4 d4 8. Nb3 g6 9. e3 dxe3 10. Bxe3 Bg7 11. Qc1 O-O 12. Bh6 c5 13. Re1 Re8 14. Bxg7 Kxg7 15. Qc3 Bxf3 16. Bxf3 Rc8 17. a4 a5 18. Re3 Qc7 19. Rae1 h5 20. h3 Rcd8 {Khotenashvili,B (2427)-Bivol,A (2345) Almaty KAZ 2024 0-1 (57)}) 6... e6 7. cxd5 $146 ({RR} 7. Nbd2 Bd6 8. b3 e5 9. cxd5 Bxd5 10. Bb2 b5 11. Rc1 O-O 12. Nb1 c5 13. Nc3 Bc6 14. Nh4 Bxg2 15. Kxg2 Qb6 16. Nf5 Qc6+ 17. Kg1 b4 18. Nb1 Rfe8 19. Nd2 Bf8 20. Qc2 g6 21. Ne3 Bh6 {Szlenka,A (1785)-Szurkos,A (1805) Budapest 2012 ½-½ (58)}) ({RR} 7. Nbd2 Bd6 8. b3 e5 9. cxd5 Bxd5 10. Bb2 b5 11. Rc1 O-O 12. Nb1 c5 13. Nc3 Bc6 14. Nh4 Bxg2 15. Kxg2 Qb6 16. Nf5 Qc6+ 17. Kg1 b4 18. Nb1 Rfe8 19. Nd2 Bf8 20. Qc2 g6 21. Ne3 Bh6 {Szlenka,A (1800)-Szurkos,A (1789) Budapest 2014 ½-½ (33)}) 7... Nxd5 8. e4 N5f6 9. Nc3 Be7 10. Re1 O-O 11. d4 c5 12. d5 exd5 13. e5 Ne8 14. Nxd5 Nc7 15. Nxc7 Qxc7 16. Bf4 Qc8 17. Qe2 Nb8 18. e6 fxe6 19. Bh3 Kh8 20. Rad1 Qc6 21. Bg2 Na6 22. Nh4 Qc8 23. Qxe6 Bxg2 24. Qxe7 Rxf4 25. gxf4 Bc6 26. Qg5 h6 27. Qg3 Qg8 28. Re7 Re8 29. a3 Be4 30. f5 Rxe7 31. Ng6+ Kh7 32. Nxe7 Qe8 33. Qg6+ Qxg6+ 34. fxg6+ Bxg6 35. Nxg6 Kxg6 36. Rd7 c4 37. Rxa7 Nc5 38. Rc7 Kf5 39. Rc6 Ke4 40. Rxb6 Kf3 41. Rb4 1-0

[Event "EU-ch 9th playoff Medals"]
[Site "Plovdiv"]
[Date "2008.05.03"]
[Round "4.2"]
[White "Movsesian, Sergei"]
[Black "Volkov, Sergey"]
[Result "1-0"]
[WhiteElo "2695"]
[BlackElo "2633"]
[PlyCount "165"]
[EventDate "2008.05.03"]
[EventType "k.o. (rapid)"]
[EventRounds "4"]
[EventCountry "BUL"]
[SourceTitle "CBM 124"]
[Source "ChessBase"]
[SourceDate "2008.05.28"]
[SourceVersion "1"]
[SourceVersionDate "2008.05.28"]
[SourceQuality "1"]

1. Nf3 d5 2. g3 g6 3. Bg2 Bg7 4. O-O e5 5. d3 Ne7 6. e4 d4 7. Nh4 ({RR} 7. a4 c5 8. Na3 Nbc6 9. c3 h6 10. cxd4 cxd4 11. Bd2 O-O 12. b4 Bg4 13. Nc4 Rc8 14. b5 Nb8 15. Bb4 Nd7 16. Qd2 b6 17. a5 Be6 18. axb6 axb6 19. Rfc1 Bxc4 20. dxc4 Nc5 21. Qc2 Qd7 {Le,Q (2703)-Ponomariov,R (2731) Beijing 2013 1-0 (33)}) ({RR} 7. b4 O-O 8. a4 a5 9. b5 c5 10. c3 h6 11. cxd4 exd4 12. Nbd2 Be6 13. Qc2 Nd7 14. Nc4 Nb6 15. Nxb6 Qxb6 16. Nd2 f5 17. Nc4 Qd8 18. exf5 Bxf5 19. Bxb7 Nd5 20. Ba3 Ra7 21. Bc6 Nb4 {Mikaelyan,A (2495)-Pinto,D (2325) chess.com INT 2025 1-0}) 7... c5 8. f4 exf4 $146 ({RR} 8... Nbc6 9. Na3 exf4 10. Bxf4 Ne5 11. Qd2 O-O 12. b3 N7c6 13. Nc4 Be6 14. a4 Bxc4 15. bxc4 a5 16. Bh3 Qe7 17. Ng2 Nb4 18. Bxe5 Qxe5 19. Nf4 Ra6 20. Nd5 h5 21. Kh1 Kh7 22. Rf3 Bh6 23. Qf2 {Kunin,V (2582)-Kreisl,R (2439) Prague 2016 1-0 (36)}) 9. gxf4 Nbc6 10. c4 dxc3 11. bxc3 c4 12. dxc4 Qxd1 13. Rxd1 Bg4 14. Nf3 O-O 15. Ba3 Rfe8 16. h3 Be6 17. Nbd2 Bxc3 18. Rac1 Bg7 19. Ng5 Bd4+ 20. Kf1 Be3 21. Rb1 Bxf4 22. Nxe6 fxe6 23. Rxb7 Rad8 24. Bxe7 Rxe7 25. Rxe7 Nxe7 26. Ke2 Rd4 27. Nb3 Rxc4 28. Rd7 Nc6 29. e5 Rc2+ 30. Kf1 Nxe5 31. Rxa7 Be3 32. Ra8+ Kg7 33. Be4 Rf2+ 34. Ke1 h5 35. Re8 Kf7 36. Rb8 Rxa2 37. Rb5 Kf6 38. Rb8 Rh2 39. Kf1 Rxh3 40. Kg2 Rh4 41. Ba8 Rg4+ 42. Kf1 h4 43. Ke2 Ba7 44. Rf8+ Kg7 45. Re8 Kf6 46. Rf8+ Ke7 47. Rh8 Bb6 48. Nd2 Ra4 49. Ne4 h3 50. Rh7+ Ke8 51. Rxh3 Bd4 52. Rh8+ Kf7 53. Rh7+ Kg8 54. Nf6+ Kf8 55. Be4 Ra2+ 56. Kd1 Rf2 57. Nd7+ Kg8 58. Re7 Rf1+ 59. Kc2 Rf2+ 60. Kd1 Nc4 61. Rxe6 Rd2+ 62. Kc1 Bb2+ 63. Kb1 Rxd7 64. Rxg6+ Kf8 65. Rg1 Bf6 66. Kc2 Ne5 67. Rd1 Rc7+ 68. Kb3 Ke7 69. Bd5 Nd7 70. Bc4 Be5 71. Rd5 Kf6 72. Rd1 Rb7+ 73. Kc2 Rb2+ 74. Kd3 Nc5+ 75. Ke3 Rh2 76. Rf1+ Ke7 77. Bd5 Kd6 78. Bf3 Ne6 79. Rd1+ Ke7 80. Bg4 Nf4 81. Ke4 Ng6 82. Bf5 Rh4+ 83. Kd5 1-0